Statistics for All countries that were once part of the Soviet Union

Click here to take the quiz!

General Stats

  • This quiz has been taken 33 times
  • The average score is 13 of 14

Answer Stats

#Country% Correct
1Ukraine
97%
3Latvia
97%
4Lithuania
97%
5Estonia
97%
10Kazakhstan
94%
14Uzbekistan
94%
11Kyrgyzstan
91%
2Belarus
88%
6Moldova
88%
7Armenia
88%
12Tajikistan
88%
8Azerbaijan
84%
9Georgia
84%
13Turkmenistan
81%

Score Distribution

Percentile by Number Answered

Percent of People with Each Score

Your Score History

You have not taken this quiz